000 00634nam a2200217 a 4500
008
020 _a1403117861(hbk. )
049 _aMAIN
090 0 _aBJ1581.2 HUB
100 1 _aHubbard, L. Ron.
245 1 4 _aThe way to happiness :
_ba common sense guide to better living./
_cL Ron Hubbard.
260 _aLos Angeles :
_bBridge Publications,
_c1981.
300 _a248 p. :
_bill. ;
_c24 cm.
650 0 _aConduct of life.
650 0 _aHappiness.
907 _a.b10251091
_b14-09-07
_c13-09-07
003
005 20230123134507.0
040 _cNUST
942 _cBOOKS
_kBJ1581.2 HUB
999 _c166897
_d166897